01235nam a2200253 a 450000100060000000300080000600500170001400800410003103500130007203500190008504000370010404100080014108200150014910000320016424501120019624600370030826000380034530000520038350000520043550503500048765000600083765000450089770000390094222057BD-RjUL20211209000748.0140306s1905 enkh 001 0 eng d a06-14042 a(BD-RjUL)22122 aDLCcWOOdSERdEQOdBD-RjULbeng aeng a822.3bGRP1 aGreene, Robert,d1558-1592.14aThe plays & poems of Robert Greene /cedited with introductions and notes, by J. Churton Collins.nVolume I3 aPlays and poems of Robert Greene aOxford :bClarendon Press,c1905. axi, 319 p. :bfront. (fold. facsims.) ;c23 cm. aWith reproductions of the original title-pages.0 av. 1. General introduction. Alphonsus. A looking glasse, Orlando Furioso. Appendix to Orlando furioso (the Alleyn ms.) Notes to plays.--v. 2. Frier Bacon and Frier Bongay. James the Fourth. The pinner of Wakefield. A maidens dreame. Poems from the novels. Notes to plays and poems. Appendix: England's Parnassus. Glossarial index. General index. 0aEnglish dramayEarly modern and Elizabethan, 1500-1600. 0aEnglish poetryyEarly modern, 1500-1700.1 aCollins, John Churton,d1848-1908.